[Event "opa"]
[Site "http://www.queenalice.com/game.php?id=22555"]
[Date "2005.8.3"]
[Round "-"]
[White "tchello77"]
[Black "Xavier"]
[Result "1-0"]
[WhiteElo "1109"]
[BlackElo "1244"]

1. Nf3 b5 2. d3 Bb7 3. e4 e6 4. Bg5 f6 5. Bh4 g5 6. Bg3 Nh6 7. h3 e5 8. Qd2 Nc6
9. c3 b4 10. Nh2 bxc3 11. bxc3 Bc5 12. Ng4 Nxg4 13. hxg4 Qe7 14. c4 Bb4 15. Nc3
Nd4 16. a3 Nb3 17. Qb2 Nxa1 18. axb4 Qd6 19. Nb5 Qc6 20. Qxa1 a6 21. Nc3 Qe6 22.
Qa5 Qxg4 23. Be2 Qe6 24. Bh5+ Kd8 25. f3 Qb6 26. c5 Qxa5 27. bxa5 Bc6 28. O-O
Rb8 29. Rb1 Rxb1+ 30. Nxb1 Ke7 31. Nd2 Rb8 32. Bf2 Rb2 33. Be3 Ra2 34. Nc4 Ra1+
35. Kf2 Bb5 36. Nd2 Bxd3 37. Nb3 Rf1+ 38. Kg3 Rg1 39. c6 Bc4 40. Bc5+ d6 41.
Bxg1 Bxb3 42. Bg4 Ba4 43. Bd7 h5 44. Bb6 Kd8 45. Kh3 Bb3 46. g3 Bd1 47. Kg2 h4
48. Be6 Be2 49. Bf2 Bb5 50. Bd5 Be2 51. gxh4 gxh4 52. Bxh4 Ke7 53. Kf2 Bd1 54.
Ke3 Ba4 55. f4 Bb5 56. Kf3 Ba4 57. Kg4 Bd1+ 58. Kf5 Bh5 59. Bxf6+ Ke8 60. fxe5
dxe5 61. Bxe5 Kd8 62. Be6 Be2 63. Bf6+ Ke8 64. Bd7+ Kf7 65. e5 Bd3+ 66. Kg5 Bc4
67. Bd8 Bb5 68. e6+ Kf8 69. e7+ 1-0

[Event "Defio vin!"]
[Site "http://www.queenalice.com/game.php?id=88331"]
[Date "2006.7.22"]
[Round "-"]
[White "tchello77"]
[Black "Xavier"]
[Result "0-1"]
[WhiteElo "1117"]
[BlackElo "1567"]

1. a4 e5 2. Nf3 Qf6 3. e3 d5 4. h3 c6 5. d3 d4 6. e4 h6 7. Qd2 Ne7 8. Qa5 b6 9.
Qxe5 Qxe5 10. Nxe5 f6 11. Nf3 Na6 12. Bf4 Nb4 13. Nxd4 c5 14. Bd2 cxd4 15. Bxb4
Nc6 16. Bd2 Bb4 17. Be2 O-O 18. O-O Bxd2 19. Nxd2 Be6 20. c3 Rac8 21. cxd4 Nxd4
22. Rfe1 Nc2 23. Nf3 Nxa1 24. Rxa1 Rfd8 25. d4 Rc2 26. Rb1 Rxe2 27. e5 f5 28.
Re1 Rxb2 29. Nh4 Rxd4 30. g4 fxg4 31. Rc1 gxh3 32. Ng6 Rg4+ 0-1

[Event "Invitation"]
[Site "http://www.queenalice.com/game.php?id=96473"]
[Date "2006.8.16"]
[Round "-"]
[White "lucasxavier"]
[Black "tchello77"]
[Result "1-0"]
[WhiteElo "1362"]
[BlackElo "1187"]

1. g3 a5 2. e3 e6 3. Nh3 h6 4. Nc3 c6 5. d4 Nf6 6. a3 d5 7. Nf4 Qe7 8. Bd3 e5 9.
dxe5 Bg4 10. exf6 Qd7 11. f3 Bh3 12. g4 d4 13. exd4 Qe6+ 14. Qe2 Qxe2+ 15. Bxe2
c5 16. Nxh3 Nc6 17. Bb5 Rc8 18. fxg7 Bxg7 19. d5 O-O 20. dxc6 Rfe8+ 21. Ne2 1-0

[Event "Challenge"]
[Site "http://www.queenalice.com/game.php?id=99230"]
[Date "2006.8.24"]
[Round "-"]
[White "Xavier"]
[Black "tchello77"]
[Result "1-0"]
[WhiteElo "1638"]
[BlackElo "1189"]

1. b4 e5 2. d4 Qf6 3. dxe5 Qxe5 4. c3 Qf5 5. e3 Nf6 6. f3 Nd5 7. e4 Qe5 8. Qxd5
Qxd5 9. exd5 a5 10. b5 c6 11. dxc6 bxc6 12. Nh3 d5 13. bxc6 Bd6 14. Bb5 O-O 15.
O-O a4 16. Bf4 Bc5+ 17. Kh1 Re8 18. c7 Nd7 19. Bc6 Ra6 20. Bxd5 Nf6 21. Bc4 h6
22. Bxa6 Bxa6 23. Rd1 Nd5 24. Nd2 g5 25. Rab1 gxf4 26. Rb8 Rf8 27. Rxf8+ Kxf8
28. Ne4 Kg7 29. Rxd5 Bb6 30. Rd6 1-0

[Event "Challenge"]
[Site "http://www.queenalice.com/game.php?id=99277"]
[Date "2006.8.25"]
[Round "-"]
[White "tchello77"]
[Black "xavimg"]
[Result "0-1"]
[WhiteElo "1187"]
[BlackElo "1416"]

1. b4 e5 2. c3 Nf6 3. d4 Nc6 4. b5 Na5 5. g3 d6 6. c4 Nxc4 7. e3 Nb6 8. Nc3 Ng4
9. h3 Nh6 10. e4 f5 11. Bxh6 gxh6 12. Qh5+ Ke7 13. Nd5+ Nxd5 14. exd5 Qe8 15.
Qh4+ Kd7 16. Qf6 Be7 17. Qxf5+ Kd8 18. Qc2 exd4 19. Rc1 Bg5+ 20. Ne2 Bxc1 21.
Qxc1 d3 22. b6 axb6 23. Qe3 Rxa2 24. Qxd3 Ra1+ 25. Kd2 Ra2+ 26. Kc1 Qa4 27. Nc3
Qa3+ 28. Kd1 Rxf2 29. Be2 Qa1+ 30. Qb1 Qxc3 31. Qc2 Qxg3 32. Kd2 Re8 33. Rc1
Rexe2+ 34. Kd1 Qg1# 0-1

[Event "Challenge"]
[Site "http://www.queenalice.com/game.php?id=99278"]
[Date "2006.8.25"]
[Round "-"]
[White "xavimg"]
[Black "tchello77"]
[Result "0-1"]
[WhiteElo "1408"]
[BlackElo "1116"]

1. b3 e5 2. Bb2 Nc6 3. Nf3 e4 4. Ng5 Qxg5 5. Nc3 Qf6 6. d3 Bb4 7. Qd2 Bc5 8.
dxe4 Qxf2+ 9. Kd1 d6 10. Nb5 Bb4 11. Nxc7+ Kd7 12. Nxa8 Bxd2 13. Kxd2 Qf4+ 14.
e3 Qf2+ 15. Kc3 Qxe3+ 16. Kc4 Qxe4+ 17. Kc3 Qd4# 0-1

[Event "Challenge"]
[Site "http://www.queenalice.com/game.php?id=99325"]
[Date "2006.8.25"]
[Round "-"]
[White "Jorge"]
[Black "tchello77"]
[Result "1-0"]
[WhiteElo "1378"]
[BlackElo "1196"]

1. Nf3 e6 2. e4 Nf6 3. e5 Nh5 4. d4 f5 5. Bg5 Be7 6. c3 h6 7. Bh4 g5 8. Bg3 g4
9. Nh4 Bxh4 10. Bxh4 Qxh4 11. g3 Qe7 12. f4 d6 13. Qe2 b6 14. Bg2 Ba6 15. Qe3 c6
16. a4 dxe5 17. Qxe5 Nf6 18. Nd2 Nbd7 19. Qe3 Nd5 20. Qf2 c5 21. a5 b5 22. O-O
O-O 23. Rfe1 Nc7 24. d5 e5 25. d6 Qxd6 26. Bxa8 Rxa8 27. Rad1 Qc6 28. fxe5 Ne6
29. Qxf5 c4 30. Qxg4+ Kh8 31. b4 Rg8 32. Qf5 Bb7 33. Ne4 Rf8 34. Qh3 Rg8 35.
Qxh6# 1-0

[Event "Challenge"]
[Site "http://www.queenalice.com/game.php?id=99521"]
[Date "2006.8.25"]
[Round "-"]
[White "hugo10"]
[Black "tchello77"]
[Result "0-1"]
[WhiteElo "1235"]
[BlackElo "1170"]

1. e3 b6 2. Qf3 d5 3. c4 Nf6 4. Nc3 c6 5. Nh3 Bxh3 6. gxh3 Na6 7. cxd5 cxd5 8.
e4 Nb4 9. Qd1 dxe4 10. Bg2 Qd3 11. f3 Nc2+ 12. Kf2 Nxa1 13. fxe4 Nc2 14. Nd5
Qd4+ 15. Kf1 Ne3+ 16. Ke1 Nxd1 17. Nc7+ Kd8 18. Nxa8 Qf2+ 19. Kxd1 Qxg2 20. Re1
Qxh2 21. Re2 Qb8 22. Nxb6 Qxb6 23. b3 Qd4 24. a4 e5 25. a5 Nxe4 26. a6 Bb4 27.
h4 Re8 28. h5 Ng3 29. Rg2 Qg4+ 30. Ke1 Qe4+ 31. Kf2 Nf5 32. h6 gxh6 33. Kf1 Bc5
34. Re2 Ng3+ 35. Ke1 Qxe2# 0-1

[Event "Challenge"]
[Site "http://www.queenalice.com/game.php?id=99718"]
[Date "2006.8.26"]
[Round "-"]
[White "gilsinho22"]
[Black "tchello77"]
[Result "1-0"]
[WhiteElo "1287"]
[BlackElo "1187"]

1. Nc3 e6 2. Nf3 Ne7 3. a4 Ng6 4. h4 Bb4 5. h5 Ne7 6. a5 Bxc3 7. bxc3 b5 8. Nd4
Ba6 9. g4 c5 10. Nb3 Bb7 11. Nxc5 Bxh1 12. Nb7 Qc8 13. Nd6+ Kd8 14. Nxc8 Kxc8
15. a6 g6 16. Ba3 Nd5 17. Bd6 Nc6 18. Qb1 Rb8 19. c4 bxc4 20. Bxb8 Nxb8 21. Qb7+
Kd8 22. Qxb8+ Ke7 23. Qxh8 Nf6 24. Bh3 Nd5 25. O-O-O Be4 26. h6 Nb4 27. Qb2 Nd5
28. d3 c3 29. Qb8 Kf6 30. Qxa7 Nb4 31. Qd4+ e5 32. Qxb4 Bh1 33. Rxh1 d5 34. a7
1-0

[Event "Challenge"]
[Site "http://www.queenalice.com/game.php?id=101922"]
[Date "2006.9.2"]
[Round "-"]
[White "tchello77"]
[Black "polakinho"]
[Result "1-0"]
[WhiteElo "1180"]
[BlackElo "1181"]

1. b4 e5 2. c3 Nh6 3. e4 Qf6 4. Bc4 Ng4 5. Qxg4 h5 6. Qh3 c6 7. Nf3 Na6 8. Qh4
g5 9. Nxg5 Rg8 10. Bxf7+ Ke7 11. Bxg8 c5 12. Ba3 Ke8 13. bxc5 Qg7 14. Bc4 b6 15.
Bb4 Nc7 16. Bf7+ Ke7 17. c6+ d6 18. Na3 b5 19. Ba5 Kd8 20. Ne6# 1-0

[Event "Challenge"]
[Site "http://www.queenalice.com/game.php?id=101946"]
[Date "2006.9.2"]
[Round "-"]
[White "tchello77"]
[Black "renato"]
[Result "0-1"]
[WhiteElo "1187"]
[BlackElo "1521"]

1. b4 Nc6 2. b5 Nb8 3. Nc3 e6 4. e4 Qf6 5. Bb2 Bc5 6. Nf3 Nh6 7. e5 Qf5 8. Na4
b6 9. Bd3 Qg4 10. O-O Qxa4 11. c4 Qxd1 12. Raxd1 O-O 13. Be4 d5 14. cxd5 Bb7 15.
Rc1 exd5 16. Bd3 Nd7 17. Ng5 g6 18. Bb1 Rae8 19. d4 Be7 20. f4 a6 21. Rxc7 Bc8
22. e6 fxe6 23. Bd3 Bd6 24. Rc3 Bxf4 25. Nf3 Be3+ 26. Kh1 Ng4 27. Be2 Nf2+ 28.
Kg1 Nh3+ 29. Kh1 Nf2+ 30. Kg1 Nh3+ 31. Kh1 Nf2+ 32. Kg1 Nh3+ 33. Kh1 Nf2+ 34.
Kg1 Nd1+ 35. Kh1 Nxc3 36. Bxc3 a5 37. Ne5 Rxf1+ 38. Bxf1 Rf8 39. Ng4 Rxf1# 0-1

[Event "Challenge"]
[Site "http://www.queenalice.com/game.php?id=102097"]
[Date "2006.9.3"]
[Round "-"]
[White "backnine"]
[Black "tchello77"]
[Result "1-0"]
[WhiteElo "979"]
[BlackElo "1187"]

1. d4 b6 2. e4 e6 3. Nc3 Bb4 4. Be2 Bxc3+ 5. bxc3 Nf6 6. Bf3 Bb7 7. Qe2 Ba6 8.
Qe3 O-O 9. Nh3 d5 10. Be2 dxe4 11. Ba3 Re8 12. O-O Ng4 13. Qxe4 Bxe2 14. Qxe2 f5
15. Nf4 c5 16. dxc5 Qg5 17. Nxe6 Qh6 18. h3 Rxe6 19. Qc4 Ne5 20. Qb5 Qd2 21. Qb3
Kf7 22. Rae1 Kf6 23. c4 Nbd7 24. Bb2 Nxc5 25. Qc3 Ne4 26. Qb3 Rc8 27. Re3 Rc5
28. f4 Rec6 29. fxe5+ Ke6 30. Rg3 Nxg3 31. Qxg3 g6 32. Bc1 Qd4+ 33. Kh1 Rxe5 34.
Bf4 Rcc5 35. Bxe5 Rxe5 36. Rg1 Qe3 37. Qh4 Qd2 38. Qxh7 Kf6 39. Qh8+ Ke6 40. Qg7
Re1 41. Qxg6+ Ke5 42. Qg3+ 1-0

[Event "patim"]
[Site "http://www.queenalice.com/game.php?id=152960"]
[Date "2007.1.11"]
[Round "-"]
[White "Xavier"]
[Black "tchello77"]
[Result "0-1"]
[WhiteElo "1675"]
[BlackElo "1187"]

1. c4 c5 2. Nc3 e6 3. d4 a6 4. d5 Qh4 5. dxe6 Qxc4 6. Nd5 Ra7 7. Nb6 Qb4+ 8. Qd2
Qxb6 9. exf7+ Kxf7 10. Qf4+ Ke8 11. Qxb8 Kd8 12. Bg5+ Be7 13. Bf4 d6 14. b3 Nf6
15. Bg5 Ne4 16. Bf4 Qb4+ 17. Kd1 Nxf2+ 18. Kc2 Bf6 19. Qxd6+ Ke8 20. Be5 Qe4+
21. Kd2 Bg5+ 22. Ke1 Rf8 23. Nf3 Be3 24. Bxg7 Qb4+ 25. Nd2 Rf7 26. Qe5+ Re7 27.
Qc3 b5 28. Bf6 Nxh1 29. Qxb4 cxb4 30. Bxe7 Kxe7 31. Rc1 Kd8 32. Ra1 Bf5 33. Nf3
Rd7 34. Nd2 Bc2 0-1

[Event "quack"]
[Site "http://www.queenalice.com/game.php?id=208752"]
[Date "2007.5.10"]
[Round "-"]
[White "tchello77"]
[Black "Xavier"]
[Result "0-1"]
[WhiteElo "1217"]
[BlackElo "1698"]

1. Nf3 f5 2. e3 Nf6 3. Bc4 Nc6 4. c3 d5 5. Bb5 a6 6. Bxc6+ bxc6 7. d4 Ne4 8. Nh4
e6 9. g3 c5 10. Nd2 Be7 11. Nhf3 cxd4 12. Qa4+ Bd7 13. Qxd4 O-O 14. Nxe4 fxe4
15. Nd2 c5 16. Qe5 Rf5 17. f4 Rxe5 18. fxe5 Qc7 19. O-O Qxe5 20. a4 Bg5 21. Nb3
c4 22. Nc5 Qc7 23. b4 a5 24. bxa5 Qxc5 25. h4 Bxe3+ 26. Kg2 Bxc1 27. Raxc1 Qxa5
28. Rf2 Qxa4 29. g4 Qa3 30. g5 Qxc1 0-1

[Event "Patinhos"]
[Site "http://www.queenalice.com/game.php?id=561786"]
[Date "2009.3.26"]
[Round "-"]
[White "Xavier"]
[Black "tchello77"]
[Result "0-1"]
[WhiteElo "1798"]
[BlackElo "1215"]

1. c4 Nf6 2. Nc3 e6 3. e4 Nc6 4. d4 d5 5. Bg5 dxe4 6. Nxe4 Bb4+ 7. Bd2 Nxe4 8.
Bxb4 Qxd4 9. Qxd4 Nxd4 10. Bd3 Nf6 11. Bc3 e5 12. O-O-O Nc6 13. h3 O-O 14. Nf3
e4 15. Bxf6 exf3 16. Bc3 Rd8 17. gxf3 Rxd3 18. Rxd3 Bf5 19. Rd5 Ne7 20. Re5 Be6
21. Rg1 Kf8 22. Rc5 g6 23. Re1 c6 24. Bf6 b6 25. Rce5 Re8 26. h4 Ng8 27. Bg5 h6
28. Bd2 Ke7 29. c5 Rd8 30. cxb6 axb6 31. R5e4 c5 32. f4 Nf6 33. R4e2 Rd4 34. b3
Nd5 35. f5 gxf5 36. Bxh6 c4 37. Kb2 c3+ 38. Ka3 b5 39. h5 Nb6 40. Be3 b4# 0-1